000 00503nam a2200193Ia 4500
005 20250326141358.0
008 250326s9999 xx 000 0 und d
037 _aTextbook
040 _aFMSL
_beng
_cFMSL
041 _aeng
_2eng
084 _qFMSL
100 _aGolden Lawrence G
_9744314
245 0 _aEffective retailing
_cGolden Lawrence G; Zimmerman A
250 _a2
260 _aBoston
_bBoston, Haughton Mifflin
_c1986
300 _a482p
942 _cTB
999 _c1290030
_d1290030